| 000 | 00923cab a22002415a 4500 | ||
|---|---|---|---|
| 001 | L158189 | ||
| 008 | 141009e2014 xxk 000 0 eng d | ||
| 035 | _a(Sirsi) u158189 | ||
| 041 | 0 | _aeng | |
| 100 | 1 | _aClark, Jenny | |
| 245 | 0 | 0 |
_aProblems with condensation _bDamp or condensation that is the question |
| 260 | _c2014 | ||
| 490 |
_aLetting Update Journal _v22(3) October 2014, 24-27(4) |
||
| 520 | _aConsiders the differences between condensation and damp and outlines measures which can be taken to reduce the effects of condensation. Explains causes of condensation which are usually due to lifestyle issues of tenants and occupiers and suggests some remedies. Includes case studies and photographs. | ||
| 590 | _aKA | ||
| 650 | 2 | 4 | _aDAMP |
| 650 | 2 | 4 | _aCONDENSATION |
| 650 | 2 | 4 | _aVENTILATION |
| 651 | 4 |
_aUnited Kingdom _y |
|
| 690 |
_aEnergy _96237 |
||
| 690 |
_aLandlord and tenant _96252 |
||
| 942 | _n0 | ||
| 999 |
_c84528 _d84528 |
||